<?xml version="1.0" encoding="UTF-8"?><?xml-stylesheet type="text/xsl" href="static/style.xsl"?><OAI-PMH xmlns="http://www.openarchives.org/OAI/2.0/" xmlns:xsi="http://www.w3.org/2001/XMLSchema-instance" xsi:schemaLocation="http://www.openarchives.org/OAI/2.0/ http://www.openarchives.org/OAI/2.0/OAI-PMH.xsd"><responseDate>2026-06-29T02:42:31Z</responseDate><request verb="GetRecord" identifier="oai:docta.ucm.es:20.500.14352/131587" metadataPrefix="marc">https://docta.ucm.es/rest/oai/request</request><GetRecord><record><header><identifier>oai:docta.ucm.es:20.500.14352/131587</identifier><datestamp>2026-02-06T00:53:27Z</datestamp><setSpec>com_20.500.14352_14</setSpec><setSpec>col_20.500.14352_15</setSpec></header><metadata><record xmlns="http://www.loc.gov/MARC21/slim" xmlns:dcterms="http://purl.org/dc/terms/" xmlns:xsi="http://www.w3.org/2001/XMLSchema-instance" xmlns:doc="http://www.lyncode.com/xoai" xsi:schemaLocation="http://www.loc.gov/MARC21/slim http://www.loc.gov/standards/marcxml/schema/MARC21slim.xsd">
   <leader>00925njm 22002777a 4500</leader>
   <datafield ind2=" " ind1=" " tag="042">
      <subfield code="a">dc</subfield>
   </datafield>
   <datafield ind2=" " ind1=" " tag="720">
      <subfield code="a">Lasso Vázquez, José María</subfield>
      <subfield code="e">author</subfield>
   </datafield>
   <datafield ind2=" " ind1=" " tag="720">
      <subfield code="a">Yordanov, Yordan P.</subfield>
      <subfield code="e">author</subfield>
   </datafield>
   <datafield ind2=" " ind1=" " tag="720">
      <subfield code="a">Pinilla, Carmen</subfield>
      <subfield code="e">author</subfield>
   </datafield>
   <datafield ind2=" " ind1=" " tag="720">
      <subfield code="a">Shef, Aylin</subfield>
      <subfield code="e">author</subfield>
   </datafield>
   <datafield ind2=" " ind1=" " tag="260">
      <subfield code="c">2014-07</subfield>
   </datafield>
   <datafield ind2=" " ind1=" " tag="520">
      <subfield code="a">Xeroderma pigmentosum (XP) is characterized by photohypersensitivity of sun-exposed tissues and several thousand-fold increased risk of developing malignant neoplasms of the skin and eyes. Inherited molecular defects in nucleotide excision repair genes cause the autosomal recessive condition XP. A 56-year-old woman with XP presented with an extensive multirecurrence basal cell carcinoma in the left naso-orbital region. At the time of the first visit, the patient had already received several interventions with local reconstructive techniques, a full course of radiotherapy, and bilateral neck dissection. A large tumor resection and free flap reconstruction were performed. Three years 9 months afterward, an aggressive recurrence occurred, and a second resection was needed. A new free flap was transferred, and microvascular anastomoses were done to the pedicle of the previously transferred flap. Nine months later, the patient returned with frontal bone tumoral lesions, and third microsurgical intervention was done. At that time, the reconstruction was practiced by a composite chimeric flap with a rib portion. Its pedicle was anastomosed to the one of the second free flaps. The objective of this article was to report the authors' experience concerning a unique case of XP requiring a complex reconstruction of the anterior skull base. Xeroderma pigmentosum patients need an early diagnosis and removal of cutaneous tumor lesions as some of them behave aggressively, especially those affecting the face. Free flaps are good solutions for reconstruction and should proceed from non-sun-exposed areas of the body. If reconstructed areas are highly radiated and/or skin tumors affect deep anatomical areas, complications are frequent.</subfield>
   </datafield>
   <datafield ind1="8" ind2=" " tag="024">
      <subfield code="a">Lasso, José M. MD, PhD*; Yordanov, Yordan P. MD, PhD†; Pinilla, Carmen MD*; Shef, Aylin MD†. Invasive Basal Cell Carcinoma in a Xeroderma Pigmentosum Patient: Facing Secondary and Tertiary Aggressive Recurrences. Journal of Craniofacial Surgery 25(4):p e336-e338, July 2014. | DOI: 10.1097/SCS.0000000000000596</subfield>
   </datafield>
   <datafield ind1="8" ind2=" " tag="024">
      <subfield code="a">1049-2275</subfield>
   </datafield>
   <datafield ind1="8" ind2=" " tag="024">
      <subfield code="a">10.1097/SCS.0000000000000596</subfield>
   </datafield>
   <datafield ind1="8" ind2=" " tag="024">
      <subfield code="a">https://hdl.handle.net/20.500.14352/131587</subfield>
   </datafield>
   <datafield ind1="8" ind2=" " tag="024">
      <subfield code="a">1536-3732</subfield>
   </datafield>
   <datafield ind1="8" ind2=" " tag="024">
      <subfield code="a">https://doi.org/10.1097/SCS.0000000000000596</subfield>
   </datafield>
   <datafield ind1="8" ind2=" " tag="024">
      <subfield code="a">https://journals.lww.com/jcraniofacialsurgery/abstract/2014/07000/invasive_basal_cell_carcinoma_in_a_xeroderma.150.aspx</subfield>
   </datafield>
   <datafield ind2="0" ind1="0" tag="245">
      <subfield code="a">Invasive Basal Cell Carcinoma in a Xeroderma Pigmentosum Patient Facing Secondary and Tertiary Aggressive Recurrences</subfield>
   </datafield>
</record></metadata></record></GetRecord></OAI-PMH>